000 00618nam a2200217 a 4500
005 20160108055819.0
008 140221b1994 sz ||||| |||| 00| 0 eng d
040 _aCO-BoIAVH
_cCO-BoIAVH
041 _aeng
044 _asz
082 1 _a346.04695816
_bI92i
110 1 _bInternational Union for Conservation of Nature
245 1 0 _aIUCN red list categories
260 _aGland:
_bIUCN,
_c1994.
300 _a21 páginas.
650 1 _aAves
_xListas rojas UICN
650 1 _aCategorías UICN
650 1 _aAves
_xconservación
650 1 _aAves amenazadas
942 _cFolleto
_2ddc
999 _c771
_d771